| 000 | 00581nam a2200181Ia 4500 | ||
|---|---|---|---|
| 003 | GCL | ||
| 008 | 140319s9999 xx 000 0 ara d | ||
| 040 |
_aGCL / _cGCL |
||
| 082 | 0 | 4 |
_a411.52 _bف ا |
| 100 | 1 | _aفارس موسى مطلب | |
| 245 | 1 | 0 |
_aفى اضطرابات النطق عند الاطفال العرب / _cفارس موسى مطلب |
| 300 | _a144 ص | ||
| 490 |
_aسلسلة الدراسات العلمية الموسمية المتخصصة _v0 |
||
| 650 | 0 | 4 | _aالالفاظ |
| 650 | 0 | 4 | _aاللغة العربية |
| 650 | 0 | 4 | _aالنطق |
| 942 |
_2ddc _cBK |
||
| 999 |
_c44201 _d44201 |
||